Violence and belonging : (Record no. 53543)

MARC details
000 -LEADER
fixed length control field 01205nam a22002417a 4500
010 ## - LCCN (DPL NO)
LC control number ENG-102777 B-454015
020 ## - INTERNATIONAL STANDARD BOOK NUMBER
International Standard Book Number 9788125042013
Terms of availability 395.00
035 ## - SYSTEM CONTROL NUMBER
System control number EN-86309 B-454015
037 ## - SOURCE OF ACQUISITION
Source of stock number/acquisition DBAD/PUB
037 ## - SOURCE OF ACQUISITION
Source of stock number/acquisition RBC/Ven
082 ## - DEWEY DECIMAL CLASSIFICATION NUMBER
Classification number 305.800954912
100 ## - MAIN ENTRY--PERSONAL NAME
Personal name Knudsen, are
245 ## - TITLE STATEMENT
Title Violence and belonging :
Statement of responsibility, etc by Are Knudsen
Remainder of title land, love and lethal conflict in the nortwest frontier province of Pakistan /
260 ## - PUBLICATION, DISTRIBUTION, ETC. (IMPRINT)
Place of publication, distribution, etc New Delhi
Name of publisher, distributor, etc Orient Blackswan
Date of publication, distribution, etc 2011
270 ## - ADDRESS
Address 1/24, Asaf Ali Road
City New Delhi
Postal code 110002
Electronic mail address delhi@orientblackswan.com
300 ## - PHYSICAL DESCRIPTION
Extent xxviii,224p.:
Dimensions 24cm (pbk)
Other physical details map
500 ## - GENERAL NOTE
General note Includes bibliographical references and index
700 ## - ADDED ENTRY--PERSONAL NAME
9 (RLIN) 29136
942 ## - ADDED ENTRY ELEMENTS (KOHA)
Source of classification or shelving scheme Dewey Decimal Classification
Item type English Books
Call number suffix KNU
Classification part 305.800954912
Holdings
Withdrawn status Lost status Not for loan Collection code Home library Current library Date acquired Source of acquisition Cost, normal purchase price Full call number Barcode Copy number Cost, replacement price Koha item type
      Non-fiction Central Library Central Library 22/02/2012 RBC Pub/26777/20.10.2011/07/15.09.11/30.11.11 395.00 305.800954912 KNU B-454015 1 395.00 English Books
    Not For Loan Non-fiction D.B.Act.Division D.B.Act.Division 01/07/2011 DBAD / PUB 395.00 305.800954912 KNU EN-86310 1 395.00 English Books

© Delhi Public Library
Hit Counter
free hit counter